00361 a2200133 4500020001500000020001800015082001100033100002000044245007400064260003100138300002100169700002000190700001700210 a3642098746 a978364209874104a530.121 aSchwabl, Franz.10aAdvanced quantum mechanics /cFranz Schwabl, R. Hilton, Angela Lahee. a[S.l.] :bSpringer,c2004. a422 p. ;c24 cm. aSchwabl, Franz. aLahee, Angel